| 000 | 00462nam a2200181Ia 4500 | ||
|---|---|---|---|
| 001 | 862 | ||
| 005 | 20260306140549.0 | ||
| 008 | 260306t2010||||xx |||||||||||||| ||spa|| | ||
| 041 | _aESP | ||
| 082 |
_a170.4 _bC32 |
||
| 100 |
_aCassirer, Ernst _eAUT |
||
| 245 | 0 |
_aFilosofía moral, derecho y metafísica: _bun diálogo con Axel Hägerström |
|
| 260 | _c2010 | ||
| 300 |
_a169 páginas : _c22 cm. |
||
| 650 | _aGEN | ||
| 654 | _aCHU | ||
| 942 |
_cLIB _dJUS _fJUS _2ddc _n |
||
| 999 |
_c862 _d862 |
||